[Event "8th Ali Ipek Tournament 2020"]
[Site "Ankara"]
[Date "2020.03.07"]
[Round "4.2"]
[White "Ozalp, Burak"]
[Black "Zor, Alber Kadir"]
[Result "0-1"]
[WhiteElo "1967"]
[BlackElo "2119"]
[Annotator "TA"]
[PlyCount "112"]
[EventDate "2020.03.04"]
[EventType "swiss"]
[EventCountry "TUR"]
[SourceTitle "playchess.com"]
[Source "ChessBase"]
[SourceQuality "1"]

{[%evp 10,112,29,18,29,19,38,23,33,0,3,0,20,22,32,18,32,0,35,0,0,-88,-85,-75,-36,-38,-47,-81,-99,-109,-112,-193,-192,-169,-175,-186,-191,-272,-274,-249,-206,-218,-93,-86,-83,-89,-85,-127,0,-556,-523,-504,-536,-530,-515,-520,-488,-472,-464,-468,-483,-428,-185,-449,-436,-693,-461,-453,-381,-1049,-903,-800,-819,-522,-381,-12841,-341,-463,-386,-497,-465,-909,-839,-990,-993,-914,-846,-12838,-12839,-12839,-12839,-12840,-12840,-12841,-12841,-12841,-12841,-12844,-12843,-12846,-12844,-12850,-12847,-12848,-12848]} 1. e4 c5 2. Nf3 Nc6 3. Bb5 g6 4. O-O Bg7 5. Bxc6 dxc6 6. d3 Qc7 {B31: Sicilian: 2...Nc6 3 Bb5 g6.} 7. Nc3 e5 8. Be3 b6 {White has an edge.} 9. a4 a5 10. Nd2 {[#]} Ne7 $146 ({Predecessor:} 10... Nf6 11. Nc4 Nh5 12. Qd2 Be6 13. b3 O-O 14. Bh6 Rfb8 15. Bxg7 Kxg7 16. Ne3 f6 {1-0 (55) Galego,L (2495)-Neves,P (2244) Pampilhosa da Serra 2012}) 11. f4 Be6 12. Qf3 f5 13. Rae1 O-O 14. Kh1 Rae8 15. Nc4 (15. Qg3 $11 {keeps the balance.}) 15... fxe4 $17 16. Nxe4 Bxc4 17. dxc4 Nf5 18. fxe5 Qxe5 19. Bf4 Qxb2 {aiming for ...Nd4.} 20. Ng5 (20. Qd3 $17) 20... Rxe1 $19 21. Rxe1 Qxc2 {[%mdl 64] Double Attack} 22. Qxc6 Qxc4 23. Ne6 (23. g3 $142) 23... Nd4 24. Nxd4 Qxd4 $40 {[%mdl 128] Black is out for blood.} 25. Qe6+ {[#]} Kh8 (25... Rf7 $1 $19 {is more deadly.} 26. Qe8+ Bf8) 26. Bd6 $17 Rg8 {And now ...c4 would win.} 27. h3 Qf6 28. Qd7 c4 (28... Qf5 $17 29. Qb5 Qf2) 29. Re8 $2 {[%mdl 8192] Black continues to play with concentration.} (29. Be5 $11 Qf8 30. Bxg7+ Rxg7 31. Qd4) 29... h5 $19 30. Re6 Rd8 31. Rxf6 Rxd7 32. Rxg6 {[%mdl 4096] Endgame KRB-KRB} c3 33. Bf4 Rd4 34. g3 Rxa4 35. Rxb6 Rc4 (35... Ra2 $142 36. Rb5 a4 37. Rxh5+ Kg8) 36. Rb5 $2 (36. Rb8+ {might work better.} Kh7 37. Kg2) 36... a4 37. Rxh5+ (37. Bc1 $142 h4 38. gxh4) 37... Kg8 38. Ra5 c2 {( -> ...Rxf4!)} 39. Bc1 $2 (39. Bg5) 39... Rd4 40. Kg2 Rd1 41. Bf4 Ra1 42. Kf3 $2 (42. Rc5 Ra2 43. Kf3) 42... Bb2 $2 (42... Rf1+ 43. Ke2 {[#]} Rxf4 $1 {[%mdl 512]}) 43. Ra8+ Kf7 44. Ra7+ Ke6 {Strongly threatening ...Rf1+.Black is clearly winning.} 45. Ra6+ (45. Ke4 $142 c1=Q 46. Ra6+ Kf7 47. Ra7+ Kf6 48. Ra6+ Kf7 49. Ra7+ Ke8 50. Bxc1 Bxc1 51. h4) 45... Kd5 46. Ra5+ Kc6 47. Kg4 a3 48. h4 c1=Q 49. Bxc1 Rxc1 {KRB-KR} 50. h5 Rc4+ 51. Kf3 Rc5 52. Ra8 Rxh5 53. Ke2 Rd5 54. g4 Kb6 55. g5 Ra5 56. Rb8+ {[#]} Kc7 $1 {Accuracy: White = 45%, Black = 79%.} 0-1

[Event "8th Ali Ipek Tournament 2020"]
[Site "Ankara"]
[Date "2020.03.07"]
[Round "4.3"]
[White "Pektas, Yigit"]
[Black "Ersahince, Umut Utku"]
[Result "1-0"]
[WhiteElo "2161"]
[BlackElo "1645"]
[Annotator "TA"]
[PlyCount "65"]
[EventDate "2020.03.04"]
[EventType "swiss"]
[EventCountry "TUR"]
[SourceTitle "playchess.com"]
[Source "ChessBase"]
[SourceQuality "1"]

{[%evp 21,65,0,0,0,25,-4,53,-10,-11,-6,-14,-12,-24,-16,-27,-58,-20,-45,-55,-79,-33,-44,7,0,2,4,179,142,191,189,466,445,572,279,754,754,754,751,732,724,687,709,688,674,1642,1609]} 1. d4 d5 2. c4 dxc4 3. e3 c5 4. Bxc4 cxd4 5. exd4 e6 6. Nf3 Nc6 7. O-O Nf6 8. Nc3 Be7 9. Re1 O-O 10. Bg5 b6 11. a3 Bb7 12. Ba2 {E57: Nimzo-Indian: Rubinstein: Main Line: 7...Nc6 8 a3 dxc4 9 Bxc4 cxd4.} Rc8 13. Qd3 Nd5 (13... h6 $11 14. Bf4 (14. Bxf6 Bxf6 15. Rad1 Ne7 $11) 14... Bd6 15. Bxd6 Qxd6) 14. Bb1 (14. h4 $14) 14... g6 $11 15. Bh6 Re8 16. Ba2 Nxc3 17. bxc3 Bf6 {[#]} 18. Qe3 $146 ({Predecessor:} 18. Rad1 Ne7 19. Ne5 Nf5 20. Bf4 Bg5 21. Qd2 Bxf4 22. Qxf4 Rxc3 23. Ng4 Rxa3 24. Bb1 {0-1 (36) Zhukova,N (2499)-Muzychuk,M (2464) Moscow 2010}) 18... Bg7 (18... Ne7 $5 {[%cal Re7f5]} 19. Qd3 (19. Bxe6 $2 Nf5 $19) 19... Qc7 $15) 19. Rad1 {next Bg5 is good for White.} Ne7 20. Bg5 Bd5 21. c4 $1 {And now Bxe7 would win.} Bxc4 (21... Bxf3 $1 $15 22. Qxf3 Qd7) 22. Bxc4 Rxc4 {[#]} 23. d5 $1 {[%cal Rd5e6][%mdl 512]} Nf5 $2 {This costs Black the game.} (23... Rc3 $11 24. Qe4 exd5 25. Rxd5 {[%mdl 64] Pin} (25. Bxe7 dxe4 26. Bxd8 Rc8 $17) 25... Qa8) (23... exd5 24. Bxe7) 24. Qd3 Qc8 25. d6 Rd4 $2 (25... Nxd6 26. Qxd6 Qc7) 26. Nxd4 $18 Nxd4 27. Be3 (27. Qe4 $142) 27... e5 $2 (27... Rd8 28. Bxd4 Rxd6) 28. Bxd4 {White is clearly winning.} exd4 29. Qb5 Rd8 {[#]} 30. Re8+ $3 {[%mdl 512]} Bf8 (30... Rxe8 31. d7) 31. Rxd8 Qxd8 32. d7 Qc7 33. Qd5 {Accuracy: White = 65%, Black = 28%.} 1-0

[Event "8th Ali Ipek Tournament 2020"]
[Site "Ankara"]
[Date "2020.03.07"]
[Round "4.4"]
[White "Alkan, Ferman"]
[Black "Yaver, Faik Emre"]
[Result "1/2-1/2"]
[WhiteElo "1858"]
[BlackElo "2086"]
[Annotator "TA"]
[PlyCount "145"]
[EventDate "2020.03.04"]
[EventType "swiss"]
[EventCountry "TUR"]
[SourceTitle "playchess.com"]
[Source "ChessBase"]
[SourceQuality "1"]

{[%evp 9,145,22,23,0,-1,-7,22,14,16,6,26,0,61,32,60,-41,16,22,76,-33,-53,-49,-41,-58,-21,-66,-70,-72,-43,-58,-54,-107,-86,-82,-93,-285,-56,-48,-53,-63,-30,-36,-29,-104,-81,-72,8,0,0,-70,-12,-61,-70,-138,-90,-87,5,-18,0,0,0,-6,3,0,30,13,44,37,30,2,91,70,87,95,116,75,89,77,82,7,7,0,0,0,0,0,0,0,0,0,0,0,0,0,0,0,0,0,0,0,0,0,0,0,0,0,0,0,0,0,0,0,0,0,0,0,0,0,0,0,0,0,0,0,0,0,0,0,0,0,0,0,0,0,0,0,0,0]} 1. Nf3 d5 2. d4 e6 3. c4 a6 4. cxd5 exd5 5. Nc3 Be7 6. g3 {D31: Queen's Gambit Declined: Semi-Slav without ...Nf6 (+ Marshall Gambit and Noteboom) and Exchange Variation lines without ...Nf6.} Nf6 7. Bg2 h6 8. O-O O-O {[#]} 9. Ne5 $146 ({Predecessor:} 9. Bf4 Be6 10. Rc1 Nbd7 11. Qb3 b5 12. a4 c6 13. Na2 c5 14. dxc5 Nxc5 15. Qc2 bxa4 {1-0 (53) Socko,B (2593)-Bartel,M (2609) Zgierz 2018}) 9... Be6 10. f4 c5 (10... Qc8 $11) 11. f5 Bc8 12. Kh1 (12. e3 $14) 12... Nc6 (12... cxd4 $15 13. Qxd4 Nc6 14. Nxc6 bxc6) 13. e3 $11 h5 (13... Re8 $11) 14. Qf3 ({Better is} 14. g4 $16) 14... cxd4 $15 15. Nxc6 bxc6 16. exd4 Qb6 17. Qd1 Re8 18. Na4 Qb5 19. b3 a5 20. Qc2 (20. Bg5 $15) 20... Ba6 $17 21. Bf4 Bb4 22. Rfc1 $2 {[#]} (22. a3 $17 Bf8 23. Qd1) 22... Rac8 $2 (22... Re2 $1 $19 {[%cal Re2c2]} 23. Qb1 Ng4) 23. Bf3 $15 Ba3 24. Re1 Qd3 25. Qxd3 Bxd3 26. Nb6 (26. Bg5 $11) 26... Rxe1+ 27. Rxe1 Re8 (27... Rd8 $17) 28. Rxe8+ $11 Nxe8 29. Bxh5 (29. Nd7 $11) 29... Bb2 (29... Bxf5 $15 30. Bd2 Bb4 31. Bxb4 axb4) 30. Be3 (30. Bf3 {feels hotter.} Bxf5 31. g4 Be6 32. Be3 Nd6 33. Na4) 30... Nd6 31. Nd7 (31. Na4 $15 Ba1 32. f6) 31... Nxf5 32. Bxf7+ Kh8 (32... Kxf7 $17 33. Ne5+ Ke6 34. Nxd3 Nxe3 35. Nxb2 Kf5) 33. Bf2 (33. Bd2 {seems wilder.} Be4+ 34. Kg1 Bb1 35. a4 Bc2 36. Bg6) 33... Be4+ 34. Kg1 Nxd4 35. Kf1 Bd3+ 36. Kg2 Nc2 37. Nc5 Be2 38. Bg6 Nb4 $1 39. Be1 Bd4 (39... Nxa2 $11 {remains equal.} 40. Bxa5 Nc1) 40. Ne6 $16 Be3 41. a3 Na2 42. Bb1 Nc1 43. Bf2 ({Don't play} 43. Bxa5 $6 Nxb3 44. Be1 Kg8 $11) 43... Bd2 {[#]} 44. Nd4 (44. Bc2 $1 $16) 44... Bd1 $11 {The position is equal.} 45. b4 axb4 46. axb4 Ba4 47. Bc2 Bxc2 48. Nxc2 {[%mdl 4096] Endgame KBN-KBN} Nd3 49. Bc5 $1 Ne1+ 50. Nxe1 Bxe1 {KB-KB} 51. Kf3 Bc3 52. h4 Kh7 53. g4 Kg6 54. Kf4 Kf6 55. h5 Bd2+ 56. Kf3 Bc3 57. Kf4 Be5+ 58. Kf3 Ke6 59. Ke3 Kf6 60. Kf3 Bb2 61. Kf4 Ke6 62. g5 Bc1+ 63. Be3 Bb2 64. Bd2 Be5+ 65. Kg4 d4 66. Bf4 d3 $1 {...Bxf4 is the strong threat.} 67. Bd2 Kd5 68. Kf5 Bd4 69. h6 gxh6 70. gxh6 Kc4 71. Ke4 Bh8 72. h7 Bg7 73. Be1 {Accuracy: White = 70%, Black = 72%.} 1/2-1/2

[Event "8th Ali Ipek Tournament 2020"]
[Site "Ankara"]
[Date "2020.03.07"]
[Round "4.5"]
[White "Demirci, Murat"]
[Black "Ibik, Halit Yavuz"]
[Result "0-1"]
[WhiteElo "1821"]
[BlackElo "1991"]
[Annotator "TA"]
[PlyCount "108"]
[EventDate "2020.03.04"]
[EventType "swiss"]
[EventCountry "TUR"]
[SourceTitle "playchess.com"]
[Source "ChessBase"]
[SourceQuality "1"]

{[%evp 19,108,-34,-20,-35,-31,-44,-14,-21,-13,-37,-14,-19,0,0,0,-30,-6,-18,-9,-29,-28,-46,-41,-83,-10,-90,-88,-114,-77,-103,-6,-16,-8,-32,-7,-12,0,-2,0,0,14,-59,0,-14,0,-7,0,0,0,0,0,-4,-6,-6,-4,-8,-13,-10,4,4,6,4,8,8,8,9,8,-4,-8,-8,-8,-25,-15,-25,-43,-56,-67,-8,-8,-8,-8,-450,-208,-860,-825,-5389,-5377,-2180,-2177,-29976,-29976]} 1. Nf3 d5 2. g3 Nf6 3. Bg2 Nbd7 4. d4 e6 5. O-O Bd6 6. c4 c6 7. Nc3 O-O 8. Qc2 dxc4 9. e4 e5 10. Rd1 Qe7 11. d5 {E01: Catalan: Early deviations.} cxd5 12. exd5 a6 13. a4 {[#] The position is equal.} Rb8 $146 ({Predecessor:} 13... Nc5 14. Nd2 Bg4 15. f3 Bh5 16. Nxc4 Bg6 17. Ne4 Nfxe4 18. fxe4 f5 19. Bg5 Qxg5 20. Nxd6 Nxe4 21. Nxe4 fxe4 {0-1 (36) Grapsa,G (2106)-Doluhanova,E (2216) Kharkov 2009}) 14. a5 $1 b5 15. axb6 $1 Nxb6 16. Bg5 h6 $36 {[%mdl 2048] Black fights for an advantage.} 17. Bxf6 Qxf6 18. Ne4 Qe7 19. Qc3 Re8 20. h3 Bb7 {Strongly threatening ...Bb4.} 21. Qa5 Bxd5 (21... f5 $17 22. Nxd6 Qxd6) 22. Nxd6 (22. Rxd5 $11 Bb4 23. Rxe5 Bxa5 24. Rxe7 Rxe7 25. Nd4) 22... Qxd6 $17 23. Nh4 {[%cal Rg2d5]} e4 24. Nf5 {[#]} Qe5 (24... Qf6 $1 $17 {[%cal Rf6f5]} 25. g4 Ba8) 25. Ne3 $11 {[%cal Re3d5]} Bc6 26. Qxa6 Qc5 {And now ...Ra8 would win.} ({But not} 26... Qxb2 $2 27. Rab1 $18) 27. Qa5 Bb5 28. Rac1 Ra8 29. Qc3 Ra2 30. Qd2 (30. b3 $11) 30... Ba4 ({Black should play} 30... Qe5 $15 31. Qd4 Qxd4 32. Rxd4 Rxb2) 31. Re1 Bb3 32. Ra1 Rxa1 33. Rxa1 Na4 34. Qd7 Qc8 35. Qd4 Qd8 36. Qxd8 $1 Rxd8 37. Nxc4 Rd4 38. Na5 Bc2 39. Rc1 Bd3 40. b3 Nb6 41. Nc6 Rd6 42. Ne5 f5 43. Rc6 Rxc6 44. Nxc6 {[%mdl 4096] Endgame KBN-KBN} Kf7 45. Ne5+ Ke6 46. Nxd3 exd3 {KB-KN} 47. Kf1 Ke5 $1 {[%cal Re5d4]} 48. Ke1 Kd4 49. Kd2 Nd7 $1 {[%cal Rd7c5] aiming for ...Nc5.} 50. b4 $2 {[%mdl 8192] Now White is beyond hope.} (50. Bc6 $1 $11 {and White has nothing to worry.} Ne5 51. Bb7) 50... g5 (50... Ne5 $142 {Threatens to win with ...Nc4+.} 51. Kd1 Kc3) 51. b5 $2 (51. Bb7 Ne5 52. Ba6) 51... Ne5 $19 52. Bf1 Nc4+ 53. Kd1 Kc3 {[#] ( -> ...Nb2+)} 54. Bxd3 Kxd3 {Accuracy: White = 66%, Black = 76%.} 0-1

[Event "8th Ali Ipek Tournament 2020"]
[Site "Ankara"]
[Date "2020.03.07"]
[Round "4.6"]
[White "Akin, Yagiz Cinar"]
[Black "Banci, Dogancan"]
[Result "1-0"]
[WhiteElo "1861"]
[BlackElo "1634"]
[Annotator "NA RC"]
[PlyCount "51"]
[EventDate "2020.03.04"]
[EventType "swiss"]
[EventCountry "TUR"]
[SourceTitle "playchess.com"]
[Source "ChessBase"]
[SourceQuality "1"]
[TimeControl "5400+30"]

1. e4 {[%emt 0:00:30]} c5 {[%emt 0:00:30]} 2. Nf3 {[%emt 0:00:00]} d6 {[%emt 0:00:30]} 3. d4 {[%emt 0:00:00]} cxd4 {[%emt 0:00:30]} 4. Nxd4 {[%emt 0:00:30]} Nf6 {[%emt 0:00:00]} 5. f3 {[%emt 0:00:00]} e5 {[%emt 0:02:00]} 6. Bb5+ {[%emt 0:00:00]} Bd7 {[%emt 0:00:30]} 7. Bxd7+ {[%emt 0:00:30]} Nbxd7 {[%emt 0:12:30]} 8. Nf5 {[%emt 0:01:30]} Nb6 {[%emt 0:06:30]} 9. c4 {[%emt 0:04:30]} h6 {[%emt 0:04:30]} 10. Nc3 {[%emt 0:04:30]} Qd7 {[%emt 0:02:30]} 11. Ne3 {[%emt 0:00:00]} Be7 {[%emt 0:03:30]} 12. O-O {[%emt 0:01:00]} O-O {[%emt 0:04:30]} 13. b3 {[%emt 0:00:30]} Rac8 {[%emt 0:01:30]} 14. Ba3 {[%emt 0:03:30]} Rfd8 {[%emt 0:04:30]} 15. Nf5 {[%emt 0:03:30]} a6 {[%emt 0:02:30]} 16. Qd2 {[%emt 0:04:30]} Bf8 {[%emt 0:02:30]} 17. Rad1 {[%emt 0:02:30]} Rc6 {[%emt 0:03:30]} 18. Qf2 {[%emt 0:07:30]} Qc7 {[%emt 0:05:30]} 19. Bc1 {[%emt 0:10:30]} Nbd7 {[%emt 0:06:30]} 20. Nd5 {[%emt 0:04:30]} Nxd5 {[%emt 0:01:30]} 21. exd5 {[%emt 0:00:30]} Rb6 {[%emt 0:10:30]} 22. Bd2 {[%emt 0:00:00]} Qc5 {[%emt 0:07:39]} 23. Be3 {[%emt 0:01:00]} Qa5 {[%emt 0:01:16]} 24. Bxb6 {[%emt 0:00:00]} Nxb6 {[%emt 0:00:14]} 25. b4 {[%emt 0:00:00]} Qxb4 {[%emt 0:04:04]} 26. Rb1 {[%emt 0:00:30]} 1-0

[Event "8th Ali Ipek Tournament 2020"]
[Site "Ankara"]
[Date "2020.03.07"]
[Round "4.7"]
[White "Celik, Berkay"]
[Black "Oktem, Ege Tuna"]
[Result "0-1"]
[WhiteElo "1870"]
[BlackElo "1546"]
[Annotator "NA RC"]
[PlyCount "106"]
[EventDate "2020.03.04"]
[EventType "swiss"]
[EventCountry "TUR"]
[SourceTitle "playchess.com"]
[Source "ChessBase"]
[SourceQuality "1"]
[TimeControl "5400+30"]

1. f4 {[%emt 0:09:30]} d5 {[%emt 0:01:30]} 2. Nf3 {[%emt 0:00:30]} Nf6 {[%emt 0:01:30]} 3. e3 {[%emt 0:00:30]} c5 {[%emt 0:00:30]} 4. b3 {[%emt 0:00:30]} g6 {[%emt 0:00:30]} 5. Bb2 {[%emt 0:00:00]} Bg7 {[%emt 0:00:30]} 6. Bb5+ {[%emt 0:00:00]} Bd7 {[%emt 0:05:30]} 7. Be2 {[%emt 0:07:30]} Nc6 {[%emt 0:01:30]} 8. O-O {[%emt 0:00:30]} O-O {[%emt 0:00:30]} 9. Bb5 {[%emt 0:00:30]} a6 {[%emt 0:00:30]} 10. Bxc6 {[%emt 0:00:00]} Bxc6 {[%emt 0:01:30]} 11. Ne5 {[%emt 0:00:00]} Nd7 {[%emt 0:03:30]} 12. Nxc6 {[%emt 0:01:30]} bxc6 {[%emt 0:00:30]} 13. Bxg7 {[%emt 0:00:00]} Kxg7 {[%emt 0:00:30]} 14. d3 {[%emt 0:00:00]} f6 {[%emt 0:00:00]} 15. f5 {[%emt 0:00:30]} g5 {[%emt 0:01:00]} 16. Rf3 {[%emt 0:00:30]} Qe8 {[%emt 0:02:30]} 17. Rh3 {[%emt 0:00:30]} Rh8 {[%emt 0:00:30]} 18. Rh5 {[%emt 0:01:30]} h6 {[%emt 0:00:30]} 19. Nd2 {[%emt 0:00:30]} Ne5 {[%emt 0:01:30]} 20. Nf1 {[%emt 0:01:30]} d4 {[%emt 0:06:30]} 21. Ng3 {[%emt 0:02:30]} a5 {[%emt 0:01:30]} 22. Ne4 {[%emt 0:00:30]} Nd7 {[%emt 0:02:30]} 23. a4 {[%emt 0:00:30]} e6 {[%emt 0:05:30]} 24. g4 {[%emt 0:18:30]} e5 {[%emt 0:01:30]} 25. Qf3 {[%emt 0:01:30]} Qe7 {[%emt 0:01:30]} 26. Kg2 {[%emt 0:00:30]} Nb6 {[%emt 0:00:30]} 27. h4 {[%emt 0:01:30]} Nd5 {[%emt 0:00:30]} 28. hxg5 {[%emt 0:00:30]} hxg5 {[%emt 0:00:30]} 29. Rah1 {[%emt 0:00:30]} dxe3 {[%emt 0:01:30]} 30. Kf1 {[%emt 0:06:30]} Nf4 {[%emt 0:07:30]} 31. Rxh8 {[%emt 0:04:30]} e2+ {[%emt 0:00:30]} 32. Qxe2 {[%emt 0:00:30]} Rxh8 {[%emt 0:00:30]} 33. Qf3 {[%emt 0:00:30]} Rxh1+ {[%emt 0:03:30]} 34. Qxh1 {[%emt 0:00:00]} Nd5 {[%emt 0:00:30]} 35. Qg1 {[%emt 0:01:00]} Nb4 {[%emt 0:01:30]} 36. Qf2 {[%emt 0:00:30]} Na6 {[%emt 0:01:30]} 37. Qd2 {[%emt 0:00:30]} Qd8 {[%emt 0:02:30]} 38. Qc3 {[%emt 0:00:00]} Qb6 {[%emt 0:00:30]} 39. Qc4 {[%emt 0:00:00]} Nb4 {[%emt 0:01:30]} 40. Qe6 {[%emt 0:01:30]} Qd8 {[%emt 0:01:30]} 41. Nd6 {[%emt 0:00:30]} Qg8 {[%emt 0:05:30]} 42. Ne8+ {[%emt 0:00:30]} Kf8 {[%emt 0:01:30]} 43. Qc8 {[%emt 0:00:00]} Ke7 {[%emt 0:00:00]} 44. Qc7+ {[%emt 0:07:00]} Kxe8 {[%emt 0:00:00]} 45. Qc8+ {[%emt 0:00:00]} Kf7 {[%emt 0:00:30]} 46. Qe6+ {[%emt 0:00:00]} Kg7 {[%emt 0:00:30]} 47. Qe7+ {[%emt 0:00:00]} Qf7 {[%emt 0:00:00]} 48. Qxc5 {[%emt 0:00:00]} Qc7 {[%emt 0:01:00]} 49. Ke2 {[%emt 0:00:30]} Nd5 {[%emt 0:00:00]} 50. Kd1 {[%emt 0:01:30]} Qb6 {[%emt 0:02:00]} 51. Qd6 {[%emt 0:00:30]} Qg1+ {[%emt 0:00:00]} 52. Kd2 {[%emt 0:00:00]} Qe3+ {[%emt 0:00:00]} 53. Kd1 {[%emt 0:00:00]} Nc3# {[%emt 0:00:00]} 0-1

[Event "8th Ali Ipek Tournament 2020"]
[Site "Ankara"]
[Date "2020.03.07"]
[Round "4.8"]
[White "Nazli, Sertan"]
[Black "Caberoglu, Arda"]
[Result "0-1"]
[WhiteElo "1745"]
[BlackElo "1784"]
[Annotator "NA RC"]
[PlyCount "36"]
[EventDate "2020.03.04"]
[EventType "swiss"]
[EventCountry "TUR"]
[SourceTitle "playchess.com"]
[Source "ChessBase"]
[SourceQuality "1"]
[TimeControl "5400+30"]

1. e4 {[%emt 0:06:30]} c6 {[%emt 0:01:30]} 2. d4 {[%emt 0:00:30]} d5 {[%emt 0:00:00]} 3. exd5 {[%emt 0:01:30]} cxd5 {[%emt 0:00:00]} 4. c4 {[%emt 0:00:00]} Nf6 {[%emt 0:00:30]} 5. Nc3 {[%emt 0:00:00]} g6 {[%emt 0:00:00]} 6. Qb3 {[%emt 0:00:30]} Bg7 {[%emt 0:01:00]} 7. cxd5 {[%emt 0:00:00]} O-O {[%emt 0:00:00]} 8. Nge2 {[%emt 0:01:00]} e6 {[%emt 0:03:00]} 9. dxe6 {[%emt 0:07:30]} Bxe6 {[%emt 0:03:30]} 10. Qd1 {[%emt 0:03:30]} Nc6 {[%emt 0:03:30]} 11. g3 {[%emt 0:05:30]} Bd5 {[%emt 0:07:30]} 12. Nxd5 {[%emt 0:02:30]} Qxd5 {[%emt 0:00:30]} 13. Rg1 {[%emt 0:00:30]} Ne4 {[%emt 0:04:30]} 14. Bg2 {[%emt 0:15:30]} Bxd4 {[%emt 0:17:30]} 15. Nxd4 {[%emt 0:05:30]} Nxd4 {[%emt 0:00:30]} 16. Be3 {[%emt 0:00:30]} Qa5+ {[%emt 0:00:30]} 17. Kf1 {[%emt 0:04:30]} Qb5+ {[%emt 0:01:30]} 18. Ke1 {[%emt 0:00:30]} Qb4+ {[%emt 0:00:30]} 0-1

[Event "8th Ali Ipek Tournament 2020"]
[Site "Ankara"]
[Date "2020.03.07"]
[Round "4.9"]
[White "Aydin, Aytac"]
[Black "Ozates, Mert"]
[Result "1/2-1/2"]
[WhiteElo "1652"]
[BlackElo "1810"]
[Annotator "NA RC"]
[PlyCount "82"]
[EventDate "2020.03.04"]
[EventType "swiss"]
[EventCountry "TUR"]
[SourceTitle "playchess.com"]
[Source "ChessBase"]
[SourceQuality "1"]
[TimeControl "5400+30"]

1. d4 {[%emt 0:00:30]} Nf6 {[%emt 0:01:30]} 2. Nf3 {[%emt 0:00:00]} d5 {[%emt 0:00:00]} 3. c4 {[%emt 0:01:00]} c6 {[%emt 0:00:00]} 4. g3 {[%emt 0:00:30]} Bf5 {[%emt 0:00:30]} 5. Bg2 {[%emt 0:00:30]} h6 {[%emt 0:00:30]} 6. O-O {[%emt 0:00:00]} e6 {[%emt 0:00:00]} 7. Nc3 {[%emt 0:00:00]} Nbd7 {[%emt 0:00:00]} 8. Nd2 {[%emt 0:00:30]} Be7 {[%emt 0:00:30]} 9. e4 {[%emt 0:00:00]} dxe4 {[%emt 0:00:00]} 10. Ndxe4 {[%emt 0:00:00]} O-O {[%emt 0:00:00]} 11. Be3 {[%emt 0:00:00]} Nxe4 {[%emt 0:00:00]} 12. Nxe4 {[%emt 0:00:00]} Nf6 {[%emt 0:00:00] D11: Slav Defence: 3 Nf3 sidelines and 3...Nf6 4 e3 Bg4.} 13. Nc3 {[%emt 0:00:00]} Qa5 {[%emt 0:10:30]} 14. a3 {[%emt 0:03:00]} Rfd8 {[%emt 0:03:30] [#]} 15. Qe2 $146 {[%emt 0:08:30]} ({Predecessor:} 15. b4 Qc7 16. Qe2 Rac8 17. Rfc1 Qd7 18. h3 b6 19. Rd1 Qe8 20. Bf4 Rd7 21. g4 {1-0 (73) Matnadze,A (2422)-Exler,V (2103) Istanbul 2012}) 15... Rd7 {[%emt 0:10:30]} 16. h3 {[%emt 0:17:30]} Rad8 {[%emt 0:06:30]} 17. b4 {[%emt 0:02:30]} Qc7 {[%emt 0:00:30]} 18. Rac1 {[%emt 0:07:30]} a5 {[%emt 0:03:30]} 19. c5 {[%emt 0:37:30]} axb4 {[%emt 0:05:30]} 20. axb4 {[%emt 0:00:00]} e5 {[%emt 0:09:30]} 21. Na4 {[%emt 0:01:18]} Re8 {[%emt 0:13:30]} 22. Nb6 {[%emt 0:01:36]} Rdd8 {[%emt 0:00:30]} 23. Rfd1 {[%emt 0:00:04]} Bf8 {[%emt 0:06:30]} 24. dxe5 {[%emt 0:01:03]} Qxe5 {[%emt 0:01:30]} 25. Qc4 {[%emt 0:04:04]} Ne4 {[%emt 0:09:08]} 26. Bd4 {[%emt 0:02:08]} Qe6 {[%emt 0:01:46]} 27. Qxe6 {[%emt 0:00:34]} Rxe6 {[%emt 0:00:39]} 28. Bb2 {[%emt 0:01:01]} Rde8 {[%emt 0:03:02]} 29. Bd4 {[%emt 0:01:58]} Be7 {[%emt 0:03:22]} 30. Nc4 {[%emt 0:01:07]} Rd8 {[%emt 0:02:54]} 31. Bb2 {[%emt 0:01:32]} Re8 {[%emt 0:03:26]} 32. Rd7 {[%emt 0:04:01]} (32. g4 $14 Bh7 33. f4) 32... Bg5 {[%emt 0:00:56] [#]} 33. Rcd1 {[%emt 0:01:07]} ({Only move:} 33. Rf1 $1 $16) 33... R6e7 $2 {[%emt 0:04:17]} (33... Nxf2 $1 $15 {keeps the upper hand.} 34. Kxf2 Re2+ 35. Kg1 Bxd7 36. Rxd7 Rc2) 34. Rxe7 {[%emt 0:00:13]} Rxe7 {[%emt 0:00:29]} 35. h4 {[%emt 0:00:20]} Bf6 {[%emt 0:00:59]} 36. Bxf6 {[%emt 0:00:05]} Nxf6 {[%emt 0:00:13]} 37. Rd8+ {[%emt 0:00:27]} Re8 {[%emt 0:01:01]} 38. Rxe8+ {[%emt 0:00:52]} Nxe8 {[%emt 0:00:05]} 39. Kh2 {[%emt 0:03:00]} Nc7 {[%emt 0:00:53]} 40. Nd6 {[%emt 0:00:07]} Bd7 $1 {[%emt 0:00:36]} 41. Nxb7 {[%emt 0:02:40]} Na6 $11 {[%emt 0:00:06]} 1/2-1/2